Tomorrowland Mainstages - Statistics

General Stats
  • This quiz has been taken 49 times
  • The average score is 15 of 18
Answer Stats
Picture Answer % Correct
2022 : The Reflection Of Love
95%
2018 : The Story Of Planaxis
92%
2005
90%
2007
90%
2008
87%
2006
85%
2015 : Secret Kingdom of Melodia
85%
2016 : The Elixir Of Life
85%
2017 : Amicorum Spectaculum
85%
2009 : Masker
82%
2010 : Zon
82%
2011 : The Tree Of Life
82%
2012 : The Book Of Wisdom
82%
2019 : The Book Of Wisdom
82%
2013 : The Arising Of Life
79%
2014 : The Key Of Hapiness
79%
2020 : Around The World
74%
2021 : Around The World
72%
No matching quizzes found
Score Distribution
Percent of People with Each Score
Percentile by Number Answered
Your Score History
You have not taken this quiz